[Event "Titled Tuesday intern op 10th Sep Early"]
[Site "Chess,com INT"]
[Date "2024.09.10"]
[Round "3"]
[White "Spata, German"]
[Black "Hnatyshyn, Anastasiya"]
[Result "1-0"]
[WhiteElo "2399"]
[BlackElo "2081"]
[PlyCount "59"]
[EventDate "2024.09.10"]
[EventType "swiss (blitz)"]
[EventRounds "11"]
[EventCountry "USA"]
[SourceTitle "EXT 2025"]
[Source "ChessBase"]
[SourceDate "2024.10.14"]
[SourceVersion "1"]
[SourceVersionDate "2024.10.14"]
[SourceQuality "1"]

1. Nf3 e6 2. d4 d5 3. c4 Nf6 4. Nc3 c5 5. e3 Nc6 6. cxd5 exd5 7. Bb5 Be6 8. 0-0 Rc8 9. b3 Be7 10. Bb2 0-0 11. dxc5 Bxc5 12. Rc1 Be7 13. Na4 Ne4 14. Nd2 Qa5 15. Nxe4 Qxb5 16. Nec5 b6 17. Nxe6 fxe6 18. Qg4 e5 19. Qe6+ Kh8 20. Bxe5 Ba3 21. Qd7 Qxf1+ 22. Rxf1 Nxe5 23. Qxa7 Nd3 24. Nxb6 Bc5 25. Nxc8 Bxa7 26. Nxa7 Ra8 27. Rd1 Rxa7 28. Rxd3 Rxa2 29. g3 h6 30. Rxd5 1-0

[Event "Bydgoszcz op"]
[Site "Bydgoszcz"]
[Date "2024.09.01"]
[Round "7"]
[White "Vasynda, Oleksandr"]
[Black "Hnatyshyn, Anastasiya"]
[Result "1-0"]
[WhiteElo "2288"]
[BlackElo "2081"]
[PlyCount "227"]
[EventDate "2024.08.26"]
[EventType "swiss"]
[EventRounds "9"]
[EventCountry "POL"]
[SourceTitle "EXT 2025"]
[Source "ChessBase"]
[SourceDate "2024.10.14"]
[SourceVersion "1"]
[SourceVersionDate "2024.10.14"]
[SourceQuality "1"]

1. c4 e6 2. d4 Nf6 3. Nf3 Bb4+ 4. Bd2 c5 5. Bxb4 cxb4 6. Nbd2 0-0 7. e4 d6 8. Be2 Nbd7 9. 0-0 e5 10. Qc2 Qc7 11. a3 bxa3 12. Rxa3 b6 13. d5 a5 14. Nh4 Re8 15. g4 Nf8 16. g5 N6d7 17. Qc3 Ng6 18. Ng2 f6 19. Bh5 fxg5 20. Bxg6 hxg6 21. Qg3 Rf8 22. Qxg5 Rf6 23. Rg3 Nf8 24. Qe3 Ba6 25. f4 Re8 26. f5 Qc5 27. Qxc5 bxc5 28. Ne3 Rb8 29. b3 Bc8 30. h4 Rb4 31. Ng4 Rf7 32. h5 g5 33. h6 Nh7 34. hxg7 Kxg7 35. Rf2 a4 36. bxa4 Rxa4 37. Rh2 Ra1+ 38. Nf1 Ba6 39. Nge3 Nf6 40. Rxg5+ Kf8 41. Rh8+ Ke7 42. Ra8 Ra2 43. Rg2 Ra4 44. Rg6 Ra2 45. Rg2 Ra4 46. Ng4 Nxg4 47. Rxg4 Ra2 48. Rg3 Bxc4 49. Rxa2 Bxa2 50. Nd2 Bxd5 51. exd5 Rxf5 52. Ne4 Rf4 53. Re3 Kd7 54. Kg2 Kc7 55. Kg3 Kd7 56. Nc3 Rd4 57. Kf3 Rd2 58. Ne4 Rd4 59. Ke2 Ke7 60. Nc3 Kf6 61. Rd3 c4 62. Rf3+ Ke7 63. Rh3 Kf8 64. Re3 Ke7 65. Rf3 Kd8 66. Ke3 Ke7 67. Ke2 Kd8 68. Rf1 Rd3 69. Rf8+ Ke7 70. Rf3 Rd4 71. Rh3 Kf8 72. Rh8+ Ke7 73. Rc8 Kd7 74. Ra8 Ke7 75. Ra7+ Kd8 76. Ra5 Ke7 77. Nd1 Kf6 78. Ne3 c3 79. Ra3 Rd2+ 80. Kf3 Rd3 81. Ra4 Rd4 82. Ra6 Rf4+ 83. Ke2 e4 84. Rxd6+ Ke5 85. Re6+ Kd4 86. Rc6 Rh4 87. Rc4+ Ke5 88. Rxc3 Rh2+ 89. Kf1 Ra2 90. Ke1 Kd4 91. Rb3 Ke5 92. Rb4 Kf4 93. Nd1 Kf3 94. Rb3+ Kf4 95. Rb4 Kf3 96. Rb3+ Kf4 97. Nc3 Ra1+ 98. Ke2 Rh1 99. Rb4 Rh2+ 100. Kd1 Ke5 101. Rxe4+ Kd6 102. Re2 Rh3 103. Kd2 Rh8 104. Kd3 Kc5 105. Re3 Rh4 106. Re6 Rh3+ 107. Ke4 Rh4+ 108. Ke5 Rh5+ 109. Kf6 Rh6+ 110. Kg7 Rh3 111. Rc6+ Kd4 112. d6 Ke5 113. Kf7 Rh7+ 114. Ke8 1-0

[Event "Bydgoszcz op"]
[Site "Bydgoszcz"]
[Date "2024.08.29"]
[Round "4"]
[White "Mosny, Kamil"]
[Black "Hnatyshyn, Anastasiya"]
[Result "0-1"]
[WhiteElo "2025"]
[BlackElo "2081"]
[PlyCount "78"]
[EventDate "2024.08.26"]
[EventType "swiss"]
[EventRounds "9"]
[EventCountry "POL"]
[SourceTitle "EXT 2025"]
[Source "ChessBase"]
[SourceDate "2024.10.14"]
[SourceVersion "1"]
[SourceVersionDate "2024.10.14"]
[SourceQuality "1"]

1. d4 d5 2. c4 c6 3. Nc3 Nf6 4. Nf3 e6 5. Bg5 h6 6. Bh4 Nbd7 7. e3 Be7 8. Qc2 0-0 9. Rd1 Re8 10. Be2 dxc4 11. Bxc4 b5 12. Bd3 Bb7 13. 0-0 Rc8 14. a3 a5 15. Qe2 b4 16. axb4 axb4 17. Nb1 Nd5 18. Bg3 b3 19. Ba6 Qb6 20. Bxb7 Qxb7 21. e4 N5f6 22. Nc3 Ra8 23. Be5 Bb4 24. Bxf6 Nxf6 25. Rd3 c5 26. e5 c4 27. Rdd1 Nd5 28. Ne4 Rec8 29. Nfd2 Ra2 30. Nxc4 Qb5 31. Rc1 Nb6 32. Ned6 Bxd6 33. exd6 Rxc4 34. d7 Ra8 35. Rc3 Qb4 36. Qf3 Nd5 37. Rxb3 Qd6 38. Rb7 Rc7 39. Rxc7 Qxc7 0-1